000 00718nam a2200265Ia 4500
003 OSt
005 20221007110251.0
006 a|||||r|||| 00| 0
007 ta
008 221006b |||||||| |||| 00| 0 eng d
024 _a20,739
037 _cTextual
040 _aLCO
_cLCO
_beng
041 _2eng
_aeng
082 _aZ1, P2
100 _aTandon M.P.
_9349121
245 0 _aPublic International Law and Human Rights
250 _a15th
260 _aFaridabad
_bAllahabad Law Agency
_c2002
300 _aVarious
650 _aINTERNATIONAL LAW AND HUMAN RIGHTS
_9681916
700 _a Tandon R.
_9687035
942 _hZ1, P2
_cTEXL
999 _c1190302
_d1190302